Fundamentals of soil science/ (Record no. 17176)

MARC details
000 -LEADER
fixed length control field 00536nam a22002057a 4500
003 - CONTROL NUMBER IDENTIFIER
control field BD-DhSAU
005 - DATE AND TIME OF LATEST TRANSACTION
control field 20231009114429.0
008 - FIXED-LENGTH DATA ELEMENTS--GENERAL INFORMATION
fixed length control field 230621b1990 ii a|||| |||| 001 0 eng d
040 ## - CATALOGING SOURCE
Original cataloging agency BD-DhSAU
082 ## - DEWEY DECIMAL CLASSIFICATION NUMBER
Edition number 22
Classification number 631.4 F82
100 ## - MAIN ENTRY--PERSONAL NAME
Personal name Henry, D. Forth
245 ## - TITLE STATEMENT
Title Fundamentals of soil science/
Statement of responsibility, etc. D. Forth Henry
250 ## - EDITION STATEMENT
Edition statement 8th ed.
260 ## - PUBLICATION, DISTRIBUTION, ETC. (IMPRINT)
Place of publication, distribution, etc. New York:
Name of publisher, distributor, etc. John Wiley &Sons.
Date of publication, distribution, etc. 1990
300 ## - PHYSICAL DESCRIPTION
Extent xv, 360p. ;
Other physical details ill. ;
Dimensions 30 cm.
500 ## - GENERAL NOTE
General note Includes index.
590 ## - Name of Cataloguer
Name of Cataloger roy
650 ## - SUBJECT ADDED ENTRY--TOPICAL TERM
Topical term or geographic name as entry element soil science
942 ## - ADDED ENTRY ELEMENTS (KOHA)
Source of classification or shelving scheme Dewey Decimal Classification
Koha item type Book
Holdings
Withdrawn status Lost status Source of classification or shelving scheme Damaged status Not for loan Collection code Home library Branch Name Shelving location Date acquired Cost, normal purchase price Total Checkouts Full call number Barcode Date last seen Price effective from Koha item type
    Dewey Decimal Classification   Not For Loan Reference SAU Library SAU Library Reference 21/06/2023 1194.00   631.4 F82 44939 09/10/2023 09/10/2023 Book